The Viking discovery of American

Zapisane w:
Opis bibliograficzny
1. autor: Anne Stine Ingstad
Format: Książka
Język:Undetermined
Wydane: Canada Breakwater Boks Ltd 2000
Hasła przedmiotowe:
Etykiety: Dodaj etykietę
Nie ma etykietki, Dołącz pierwszą etykiete!
Thư viện lưu trữ: Trung tâm Học liệu Trường Đại học Cần Thơ
LEADER 00467nam a2200169Ia 4500
001 CTU_55979
008 210402s9999 xx 000 0 und d
082 |a 971.801 
082 |b I.55 
100 |a Anne Stine Ingstad 
245 4 |a The Viking discovery of American 
245 0 |c Anne Stine Ingstad 
260 |a Canada 
260 |b Breakwater Boks Ltd 
260 |c 2000 
650 |a Newfoundland - History 
980 |a Trung tâm Học liệu Trường Đại học Cần Thơ